000 00291nam a2200109Ia 4500
005 20251222153548.0
008 251222s9999||||xx |||||||||||||| ||spa||
082 _a657.48/F79
100 _a"Fowler Newton, Enrique"
245 0 _aEl ajuste de estados contables por planificación
942 _cLIB
999 _c30726
_d30726